| 000 | 00621nam a22002657a 4500 | ||
|---|---|---|---|
| 003 | OSt | ||
| 005 | 20140310182028.0 | ||
| 008 | 130814t xxu||||| |||| 00| 0 eng d | ||
| 050 |
_aBL 150 _b.An553 1997 |
||
| 082 |
_aHS 200 _b An2 1997 |
||
| 245 |
_aCross : _bicon of sharing / _cMoises Bernardino Andrade |
||
| 260 |
_aMalolos] : _b[s.n], _cc1997. |
||
| 300 |
_a45p. : _c16 cm. |
||
| 650 |
_aReligion _97084 |
||
| 942 |
_2lcc _cHS |
||
| 999 |
_c8521 _d8521 |
||